Online katalóg knižníc regiónu Turca

Veľké dievča (Record no. 22178)

MARC details
000 -LEADER
fixed length control field 01525cam a2200421 a 4500
001 - CONTROL NUMBER
control field 22178
003 - CONTROL NUMBER IDENTIFIER
control field VRT
005 - DATE AND TIME OF LATEST TRANSACTION
control field 20260321114953.0
008 - FIXED-LENGTH DATA ELEMENTS--GENERAL INFORMATION
fixed length control field 150827s2011 xo g 000 f slo
015 ## - NATIONAL BIBLIOGRAPHY NUMBER
National bibliography number SNBA2011/09-05155
020 ## - INTERNATIONAL STANDARD BOOK NUMBER
International Standard Book Number 9788055126296 (viaz.)
035 ## - SYSTEM CONTROL NUMBER
System control number F5FC10E9-30A6-4CDB-96D5-F8467EBF93FC
035 ## - SYSTEM CONTROL NUMBER
System control number urn:nbn:sk:snk-amjim0
035 ## - SYSTEM CONTROL NUMBER
System control number urn:nbn:sk:snk-am001zdr
039 #9 - LEVEL OF BIBLIOGRAPHIC CONTROL AND CODING DETAIL [OBSOLETE]
Level of rules in bibliographic description 201911101926
Level of effort used to assign nonsubject heading access points csnk01
Level of effort used to assign subject headings 201911101908
Level of effort used to assign classification AUTHORITY
Level of effort used to assign subject headings 201911101853
Level of effort used to assign classification AUTHORITY
Level of effort used to assign subject headings 201508271404
Level of effort used to assign classification VLOAD
040 ## - CATALOGING SOURCE
Original cataloging agency PPPK
Language of cataloging slo
Transcribing agency PPPK
Modifying agency SNK
Description conventions AACR2
041 1# - LANGUAGE CODE
Language code of text/sound track or separate title slo
Language code of original eng
044 ## - COUNTRY OF PUBLISHING/PRODUCING ENTITY CODE
MARC country code xo
ISO country code SK
072 #7 - SUBJECT CATEGORY CODE
Subject category code 821.111(73)-3
Subject category code subdivision Americká próza
Source konspekt
080 ## - UNIVERSAL DECIMAL CLASSIFICATION NUMBER
Universal Decimal Classification number 821.111(73)-31
Edition identifier 2001
100 1# - MAIN ENTRY--PERSONAL NAME
Personal name Steel, Danielle,
Dates associated with a name 1947-
Relationship aut
240 10 - UNIFORM TITLE
Uniform title Big girl
Language of a work Slovensky
245 10 - TITLE STATEMENT
Title Veľké dievča
Statement of responsibility, etc. Danielle Steel ; [z anglického originálu preložila Tamara Chovanová]
250 ## - EDITION STATEMENT
Edition statement 1. vyd.
260 ## - PUBLICATION, DISTRIBUTION, ETC.
Place of publication, distribution, etc. Bratislava
Name of publisher, distributor, etc. Ikar
Date of publication, distribution, etc. 2011
300 ## - PHYSICAL DESCRIPTION
Extent 270 s.
Dimensions 21 cm
655 #7 - INDEX TERM--GENRE/FORM
Genre/form data or focus term americké romány
Source of term SNKPH
655 #7 - INDEX TERM--GENRE/FORM
Genre/form data or focus term American fiction
Source of term SNKPHeng
700 1# - ADDED ENTRY--PERSONAL NAME
Personal name Chovanová, Tamara,
Dates associated with a name 1953-
Relationship trl
942 ## - ADDED ENTRY ELEMENTS (KOHA)
Source of classification or shelving scheme Dewey Decimal Classification
Koha item type Krásna literatúra pre dospelých
Suppress in OPAC No
949 ## - LOCAL PROCESSING INFORMATION (OCLC)
6 270001000385242
a svkbbA 132333
b svkbbm 720745
949 ## - LOCAL PROCESSING INFORMATION (OCLC)
6 17A0718338
a snkSC 146812
b snk2011/19660
o 2012/11
949 ## - LOCAL PROCESSING INFORMATION (OCLC)
6 17A0773671
a snkSC 146812 D1
b snk2011/23074
o 2012/11
s 6100:20140925
949 ## - LOCAL PROCESSING INFORMATION (OCLC)
6 2889175795
a savukPV 15597
b savuk2011/5396
949 ## - LOCAL PROCESSING INFORMATION (OCLC)
6 3869A17267
a bpksh821.111(73)-31
b bpksh60002
949 ## - LOCAL PROCESSING INFORMATION (OCLC)
6 273K0547930
a svkpoA 214584
b svkpo552776
980 ## - EQUIVALENCE OR CROSS-REFERENCE-SERIES STATEMENT--PERSONAL NAME/TITLE [LOCAL, CANADA]
Personal name 821.111(73)-31
Holdings
Stav vyradenia Strata Poškodenie Spôsob nadobudnutia Domovská knižnica Aktuálna knižnica Dátum nadobudnutia Cena Total checkouts Čiarový kód exemplára Date last seen Typ exemplára
      Kúpa Obecná knižnica Horná Štubňa Obecná knižnica Horná Štubňa 21.03.2026 6.90   9788055126296 21.03.2026 Krásna literatúra pre dospelých
Projekt je podporený Slovenskou asociáciou knižníc
Prevádzkuje Turčianska knižnica Martin 2026